000
00301nam a2200109Ia 4500
005
20250117103623.0
008
250117s9999 xx 000 0 und d
082
_a
306.3/62/0HUN
100
_a
John, Hunwick.
245
4
_a
The African diaspora in the Mediterranean lands of Islam
260
_a
Princeton
_c
2002
999
_c
3115
_d
3115